000 00470nam a2200169 4500
001 108970
003 ES-MaACL
005 20230906184742.0
007 t|
008 061121s1975 sp r ||||1| spa d
100 1 _aMoya, Antonio-Prometeo.
_983949
245 1 0 _aRetrato del fascista adolescente /
_cAntonio-Prometeo Moya.
250 _a1ยช. ed.
260 _aBarcelona :
_bSeix Barral,
_c1975.
300 _a175 p. ;
_c20 cm.
852 _aES-MaACL
_jA-7654
_bR.96375
999 _c108970
_d108970